Sports Quiz

Random Sports or NFL Quiz

Every WR/TE to record a reception in 2015-16 Quiz Stats

 Plays Quiz not verified by Sporcle

Also try: 'B' Big 4 on a Map
Challenge
Share
Tweet
Embed
Score 0/300 Timer 20:00
0 Plays Today
Receptions Player % Correct
136Antonio Brown
98%
136Julio Jones
98%
105Demariyus Thomas
98%
65John Brown
98%
65Marvin Jones
98%
50James Jones
98%
46Julius Thomas
98%
31Corey Brown
98%
17De'Anthony Thomas
98%
14Marlon Brown
98%
11Jaron Brown
98%
10T.J. Jones
98%
6Daniel Brown
98%
1Vincent Brown
98%
109Larry Fitzgerald
95.9%
96Odell Beckham Jr.
95.9%
111DeAndre Hopkins
93.9%
109Brandon Marshall
93.9%
88Calvin Johnson
93.9%
45Stevie Johnson
93.9%
41Andre Johnson
93.9%
9Charles Johnson
93.9%
1David Johnson
93.9%
86A.J. Green
91.8%
37Ladarius Green
91.8%
12Virgil Green
91.8%
33Vincent Jackson
89.8%
30DeSean Jackson
89.8%
110Jarvis Landry
87.8%
90Golden Tate
87.8%
80Allen Robinson
87.8%
72Rob Gronkowski
87.8%
46Steve Smith Sr.
87.8%
33Torrey Smith
87.8%
12Lee Smith
87.8%
9Devin Smith
87.8%
3Kevin Smith
87.8%
2Brandon Tate
87.8%
87Jeremy Maclin
85.7%
87Jordan Reed
85.7%
61Julian Edelman
85.7%
50Martavis Bryant
85.7%
31Dez Bryant
85.7%
85Michael Crabtree
83.7%
80Eric Decker
83.7%
72Amari Cooper
83.7%
72Pierre Garcon
83.7%
48Jimmy Graham
83.7%
43Roddy White
83.7%
21Riley Cooper
83.7%
11J.J. Nelson
83.7%
7Myles White
83.7%
4T.J. Graham
83.7%
4Garrett Graham
83.7%
2DeAndrew White
83.7%
94Delanie Walker
81.6%
79Randall Cobb
81.6%
77Jason Witten
81.6%
74Mike Evans
81.6%
67Keenan Allen
81.6%
39Jared Cook
81.6%
16Dwayne Allen
81.6%
85Jordan Matthews
79.6%
84Brandin Cooks
79.6%
78Doug Baldwin
79.6%
77Greg Olsen
79.6%
76Emmanuel Sanders
79.6%
52Terrance Williams
79.6%
43Rishard Matthews
79.6%
32Maxx Williams
79.6%
38Vernon Davis
79.6%
17Nick Williams
79.6%
13Chris Matthews
79.6%
3Kellen Davis
79.6%
3Michael Williams
79.6%
2Geremy Davis
79.6%
2Tyrell Williams
79.6%
56Antonio Gates
77.6%
52Tavon Austin
75.5%
72Travis Kelce
73.5%
69T.Y. Hilton
73.5%
64Allen Hurns
73.5%
60Heath Miller
73.5%
34Zach Miller
73.5%
13Miles Austin
73.5%
65Danny Amendola
71.4%
60Sammy Watkins
71.4%
53Martellus Bennett
71.4%
79Gary Barnidge
69.4%
54Alshon Jeffery
69.4%
52Michael Floyd
69.4%
44Ted Ginn Jr.
69.4%
75Zach Ertz
67.3%
50Davante Adams
67.3%
49Jermaine Kearse
67.3%
30Malcom Floyd
67.3%
1Terrelle Pryor Sr.
67.3%
58Richard Rodgers
65.3%
47Robert Woods
65.3%
16Marcedes Lewis
65.3%
Receptions Player % Correct
69Anquan Boldin
63.3%
52Tyler Eifert
63.3%
33Mohamed Sanu
63.3%
69Willie Snead
61.2%
68Travis Benjamin
61.2%
64Donte Moncrief
61.2%
51Tyler Lockett
61.2%
36Kenny Britt
61.2%
75Kamar Aiken
59.2%
54Coby Fleener
59.2%
52Stefon Diggs
59.2%
47Eric Ebron
59.2%
46Owen Daniels
59.2%
36Kendall Wright
59.2%
34Jarius Wright
59.2%
9Timothy Wright
59.2%
52Cole Beasley
57.1%
49Kyle Rudolph
57.1%
44Markus Wheaton
57.1%
27Brent Celek
57.1%
19Garrett Celek
57.1%
51Charles Clay
55.1%
39Mike Wallace
55.1%
36Chris Hogan
55.1%
18Jermaine Gresham
55.1%
16Josh Hill
55.1%
35Albert Wilson
53.1%
28Marquess Wilson
53.1%
15Marqise Lee
53.1%
59Jamison Crowder
51%
59Jacob Tamme
51%
29Lance Moore
51%
16Jeremy Kerley
51%
7Marlon Moore
51%
1Khari Lee
51%
74Benjamin Watson
49%
45Marques Colston
49%
30Vance McDonald
49%
27Kenny Stills
49%
5Dwayne Bowe
49%
57Reuben Randle
46.9%
37Brandon LaFell
46.9%
37Eddie Royal
46.9%
35Jordan Cameron
46.9%
27Andrew Hawkins
46.9%
47Nate Washington
44.9%
32Seth Roberts
44.9%
30Brandon Coleman
44.9%
23Scott Chandler
44.9%
11Andre Roberts
44.9%
2Cordarrelle Patterson
44.9%
28Taylor Gabriel
42.9%
26DeVante Parker
42.9%
21Darrius Heyward-Bey
42.9%
12Adam Thielen
42.9%
23Cameron Brate
40.8%
8Jesse James
40.8%
7Hakeem Nicks
40.8%
5Preston Parker
40.8%
1Brian Parker
40.8%
46Brian Hartline
38.8%
36Dwayne Harris
38.8%
35Dontrelle Inman
38.8%
31Devin Funchess
38.8%
23Nelson Agholor
38.8%
22Quincy Enunwa
38.8%
22Justin Hunter
38.8%
15Blake Bell
38.8%
14Andre Holmes
38.8%
7Demetrius Harris
38.8%
7Brandon Pettigrew
38.8%
4Corey Fuller
38.8%
32Mychal Rivera
36.7%
29Larry Donnell
36.7%
28Clive Walford
36.7%
18Phillip Dorsett
36.7%
13Wes Welker
36.7%
11Cameron Meredith
36.7%
8Gavin Escobar
36.7%
24Keshawn Martin
34.7%
19Rashad Greene
34.7%
17Ed Dickson
34.7%
12Jack Doyle
34.7%
7Levine Toilolo
34.7%
2Jeff Janis
34.7%
2Deonte Thompson
34.7%
42Cecil Shorts III
32.7%
42Will Tye
32.7%
36Harry Douglas
32.7%
19Greg Jennings
32.7%
14Darius Jennings
32.7%
10Brian Quick
32.7%
3Russell Shepard
32.7%
2Marquise Goodwin
32.7%
1Paul Richardson
32.7%
39Jerricho Cotchery
30.6%
30Quinton Patton
30.6%
32Dorial Green-Beckham
28.6%
20Ryan Griffin
28.6%
1Sammie Coates
28.6%
Receptions Player % Correct
25Lance Kendricks
26.5%
21Austin Seferian-Jenkins
26.5%
18Dion Sims
26.5%
17Luke Willson
26.5%
15Ty Montgomery
26.5%
4Ricardo Lockette
26.5%
33Crockett Gillmore
24.5%
31Jeremy Butler
24.5%
27Adam Humphries
24.5%
26Anthony Fasano
24.5%
23Ryan Grant
24.5%
21Justin Hardy
24.5%
19Percy Harvin
24.5%
17Chris Conley
24.5%
17C.J. Fiedorowicz
24.5%
12Brice Butler
24.5%
1Ben Edwards
24.5%
27Josh Huff
22.4%
11Rhett Ellison
22.4%
8Rashad Ross
22.4%
1Rod Streater
20.4%
14Jaelen Strong
18.4%
13Bruce Ellington
18.4%
10Louis Murphy
18.4%
6Cody Latimer
18.4%
32Bryan Walters
16.3%
19Joshua Bellamy
16.3%
20Chris Givens
16.3%
17Kenbrell Thompkins
16.3%
14Clay Harbor
16.3%
13Aaron Dobson
16.3%
12Brandon Myers
16.3%
10John Phillips
16.3%
1MarQueis Gray
16.3%
22Jordan Norwood
14.3%
21Darren Fells
14.3%
12Stedman Bailey
14.3%
9Jared Abbrederis
14.3%
7Devin Street
14.3%
6Daniel Fells
14.3%
5Jeff Cumberland
14.3%
5Jerome Simpson
14.3%
3Trey Burton
14.3%
3Greg Salas
14.3%
15Jason Avant
12.2%
11Donteea Dye Jr.
12.2%
10Andre Caldwell
12.2%
9James Hanna
12.2%
6James O'Shaughnessy
12.2%
4Troy Niklas
12.2%
1Chris Harper
12.2%
16Bennie Fowler
10.2%
11Justin Perillo
10.2%
4Andrew Quarless
10.2%
11Michael Hoomanawanui
8.2%
11Tyler Kroft
8.2%
9Luke Stocker
8.2%
6Jim Dray
8.2%
4Rob Housler
8.2%
1Nick O'Leary
8.2%
1C.J. Uzomah
8.2%
22Marc Mariani
6.1%
19Griff Whalen
6.1%
12Craig Stevens
6.1%
10MyCole Pruitt
6.1%
9Brenton Bersin
6.1%
1Seyi Ajirotutu
6.1%
1Brittan Golden
6.1%
1Eric Weems
6.1%
18Nick Boyle
4.1%
13Cooper Helfet
4.1%
8Jerome Cunningham
4.1%
5Michael Campanaro
4.1%
3Tony Moeaki
4.1%
3Phillip Supernaw
4.1%
2Matt Spaeth
4.1%
1Nic Jacobs
4.1%
1Matthew Mulligan
4.1%
17Derek Carrier
2%
14Keith Mumphery
2%
13Bradley Marquez
2%
8Ryan Hewitt
2%
6Chris Owusu
2%
5Jake Stoneburner
2%
8Chase Coffman
2%
3Matt LaCosse
2%
3Chandler Worthy
2%
2Tre McBride
2%
2Andrew Turzilli
2%
1Mario Alford
2%
1Marcus Easley
2%
1Brian Leonhardt
2%
1Scott Simonson
2%
24Javontee Herndon
0%
12Chris Gragg
0%
6Lucky Whitehead
0%
5Cory Harkey
0%
2Jonathan Krause
0%
2Darren Waller
0%
1E.J. Bibbs
0%

You're not logged in!

Compare scores with friends on all Sporcle quizzes.
Join for Free
OR
Log In

You Might Also Like...

Show Comments

Extras

Top Quizzes Today


Score Distribution

Your Account Isn't Verified!

In order to create a playlist on Sporcle, you need to verify the email address you used during registration. Go to your Sporcle Settings to finish the process.

Report this User

Report this user for behavior that violates our Community Guidelines.

Details: